000 01394nam a2200229Ia 4500
003 Ost
005 20260507075530.0
008 260507s9999||||xx |||||||||||||| ||und||
040 _cfsecg
041 _aara
082 _a336.205
100 _aأبو دوح، محمد عمر حماد
_eمؤلف
245 0 _aالاصلاح الضريبي بين اعتبارات الجباية و الأسس العلمية للضرائب :
_bدراسة تقييمية للضريبة الموحدة على الدخل /
_c محمد عمر حماد أبو دوح
260 _aالاسكندرية:
_bالدار الجامعية,
_c2008
300 _a192 صفحة؛
_bإيضاحات ؛
_c25 سم
504 _aبيبليوغرافيا: ص ص.187-192
520 _aيضم تحليل وتقييم الضريبة الموحدة على الدخل في ضوء الوظيفية والعدالة وامكانيات التطبيق، أثر مخالفة مبدأ قانونية الضريبة على الدور الوظيفي للضريبة العامة على المبيعات، تقييم علاقات التشابك بين ضريبة المبيعات والنظم الجمركية الخاصة في ضوء تشجيع الإنتاج وزيادة القدرة على التصدير
653 _aالإصلاح الضريبي
653 _aالضرائب
653 _aضرائب الدخل
942 _cكتاب
999 _c44818
_d44818